00916cam a22002657a 450000500170000000800410001701000100005801100100006803500100007808200230008811100880011124500350019926000350023430000110026959000410028059000410032159000410036259000420040365000310044565000410047671000470051790100070056494900620057199900170063320220817043045.0971010s1986 r 10010 d a64213 a65185 a71449 a631.4063bC7p 198600aCongreso Nacional de la Ciencia del Suelo (n19d: 1986c: Manzanillo, Col.)927057 0aPrograma general y resúmenes aMéxico :bLa Sociedad,c1986 a118 p. aBATCH-UPDb10c20130110lUCH01h1523 aBATCH-UPDb10c20130410lUCH01h0934 aBATCH-UPDb10c20130914lUCH01h1032 aCONVERSIONb10c20130109lUCH01h133514aSuelosxCongresos.911028114aSuelosxCongresosxMéxico.91102820 aSociedad Mexicana de la Ciencia del Suelo. aBK a631.4063 C7p 1986bScLIBROd-4075eLIBROh3701i71449si c64213d64213